| 000 | 00000nam 2200000zi 4500 |
| 001 | 9.945466 |
| 003 | CaOODSP |
| 005 | 20241122132528 |
| 006 | m o d f |
| 007 | cr cn||||||||| |
| 008 | 241122e19900912onc o f000 0 fre d |
| 040 | |aCaOODSP|bfre|erda|cCaOODSP |
| 043 | |an-cn--- |
| 086 | 1 |aCo22-530/1990F-PDF |
| 245 | 03|aLe Ministère des communications dans les années 1990 : |bles défis et les promesses : document de travail pour le Forum sur les grands dossiers, 20 septembre 1990. |
| 264 | 1|a[Ottawa] : |bCommunications Canada, Planification stratégique des politiques, |c12 septembre 1990. |
| 300 | |a1 ressource en ligne (ii, 31 pages) |
| 336 | |atexte|btxt|2rdacontent/fre |
| 337 | |ainformatique|bc|2rdamedia/fre |
| 338 | |aressource en ligne|bcr|2rdacarrier/fre |
| 500 | |aÉdition numérisée de l'imprimé [par Innovation, sciences et développement économique Canada]. |
| 500 | |aPublié aussi en anglais sous le titre : Department of Communications in the 1990's : challenges and opportunities : a background paper for the Key Issues Forum, September 20, 1990. |
| 610 | 10|aCanada. |bCommunications Canada. |
| 710 | 1 |aCanada. |bCommunications Canada, |eorganisme de publication. |
| 775 | 08|tDepartment of Communications in the 1990's : |w(CaOODSP)9.939921 |
| 856 | 40|qPDF|s1.08 Mo|uhttps://publications.gc.ca/collections/collection_2024/isde-ised/co22/Co22-530-1990-fra.pdf |